00323nam a2200121Ia 4500008004100000082001100041245003900052250000600091260001800097300000800115630003900123730003900162090124s9999 xx 000 0 und d b202743 aEDUCATION ANDTHEAIM OF HUMAN LIFE  a3 bPAVITRAc1961 a166 aEDUCATION ANDTHEAIM OF HUMAN LIFE  aEDUCATION ANDTHEAIM OF HUMAN LIFE